| 000 | 00504nam a2200217Ia 4500 | ||
|---|---|---|---|
| 005 | 20251020182554.0 | ||
| 008 | 200515s9999 xx 000 0 und d | ||
| 082 | _aR/69(03)/E24-TC/I | ||
| 110 | _aEditores Técnicos Asociados | ||
| 245 | 0 | _aDetalles de arquitectura | |
| 260 | _aBarcelona | ||
| 260 | _c1982 | ||
| 300 | _a4301 | ||
| 650 | _aARMADURAS | ||
| 650 | _aDETALLES ARQUITECTONICOS | ||
| 650 | _aESQUINAS | ||
| 650 | _aFACHADAS | ||
| 650 | _aLIB | ||
| 650 | _aPILARES | ||
| 942 | _cLIB | ||
| 999 |
_c2832 _d2832 |
||